Miglior risultato ai Mondiali - Quiz n°5 - Statistics

Statistiche generali
  • Questo quiz è stato fatto 29 volte
  • Il punteggio medio è 10 su 15
Statistiche sulle risposte
Hint Risposta % Corretto
El Salvador Primo turno
96%
Emirati Arabi Uniti Primo turno
92%
Repubblica Democratica del Congo / Zaire Primo turno
92%
Francia Campione
88%
Iran Primo turno
79%
Islanda Primo turno
79%
Colombia Quarti di finale
75%
Belgio Terzo posto
71%
Costa d'Avorio Primo turno
67%
Portogallo Terzo posto
67%
Paesi Bassi Secondo posto
58%
Galles Quarti di finale
54%
Polonia Terzo posto
33%
Irlanda del Nord Quarti di finale
29%
Perù Quarti di finale
17%
Nessun quiz corrispondente trovato
Distribuzione punteggi
Percentuale di utenti per punteggio
Percentile per numero di risposta
I tuoi punteggi nel tempo
Non hai fatto questo quiz